NFL Champions (1920-Present) - Statistics

General Stats
  • This quiz has been taken 370 times
    100 since last reset
  • The average score is 92 of 106
Answer Stats
Hint Answer % Correct
1945 Cleveland Rams
99%
1951 | 2021 Los Angeles Rams
99%
2001 | 2003 | 2004 | +3 others New England Patriots
99%
2013 | 2025 Seattle Seahawks
99%
1999 St. Louis Rams
99%
2002 | 2020 Tampa Bay Buccaneers
97%
2000 | 2012 Baltimore Ravens
96%
1997 | 1998 | 2015 Denver Broncos
96%
1969 | 2019 | 2022 | 2023 Kansas City Chiefs
96%
1968 New York Jets
96%
1958 | 1959 | 1970 Baltimore Colts
94%
2006 Indianapolis Colts
94%
1927 | 1934 | 1938 | +5 others New York Giants
94%
1948 | 1949 | 1960 | +2 others Philadelphia Eagles
94%
1974 | 1975 | 1978 | +3 others Pittsburgh Steelers
94%
1929 | 1930 | 1931 | +10 others Green Bay Packers
93%
1983 Los Angeles Raiders
91%
1972 | 1973 Miami Dolphins
91%
2009 New Orleans Saints
91%
1976 | 1980 Oakland Raiders
91%
1932 | 1933 | 1940 | +5 others Chicago Bears
90%
1971 | 1977 | 1992 | +2 others Dallas Cowboys
90%
1981 | 1984 | 1988 | +2 others San Francisco 49ers
89%
1950 | 1954 | 1955 | 1964 Cleveland Browns
86%
1925 | 1947 Chicago Cardinals
81%
1935 | 1952 | 1953 | 1957 Detroit Lions
81%
1937 | 1942 | 1982 | +2 others Washington Redskins
81%
1920 Akron Pros
20%
1922 | 1923 Canton Bulldogs
20%
1921 Chicago Staleys
20%
1924 Cleveland Bulldogs
19%
1926 Frankford Yellow Jackets
19%
1928 Providence Steam Roller
19%
No matching quizzes found
Score Distribution
Percent of People with Each Score
Percentile by Number Answered
Your Score History
You have not taken this quiz since the last reset